000 00278nam a22001217a 4500
020 _a0-412-15340-8
082 _a513.52 COX'A
100 _aCOX, D. R
_975235
245 _aTHE ANALYSIS OF BINARY DATA
260 _aLONDON
_bCHAPMAN & HALL
_c1970
300 _a192P
942 _cBK
999 _c580695
_d580695